El control judicial sobre el fondo del laudo

Detalles Bibliográficos
Autor principal: Ormazb̀al Sǹchez, Guillermo
Formato: eBook
Lenguaje:español
Publicado: Madrid: Marcial Pons, 2017
Materias:
Acceso en línea:Acceso restringido

MARC

LEADER 00000nam a22000007a 4500
005 20220307194410.0
007 cr|||| ||||
008 220307s2017 es |||||s|||| 00||0 spa d
020 |a 978-84-1381-184-0 
035 |a 33621 
040 |a vLex 
090 |c 13054  |d 13054 
100 1 |a Ormazb̀al Sǹchez, Guillermo 
245 1 2 |a El control judicial sobre el fondo del laudo  |h [Recurso electrn̤ico] :  |c Guillermo Ormazb̀al Sǹchez 
256 |a Servicio en ln̕ea 
260 |a Madrid:  |b Marcial Pons,  |c 2017 
300 |a 1 recurso electrn̤ico 
500 |a Existe un consenso universal en prohibir el control judicial sobre el fondo del laudo, excepto en lo relativo al orden pb︢lico. En la presente obra se analiza detalladamente dicha prohibicin̤ y se estudia la viabilidad jurd̕ica y la conveniencia de instaurar una "segunda instancia arbitral" o incluso, lege ferenda, una segunda instancia judicial de carc̀ter facultativo. Posteriormente se examinan las dos causas que permiten la anulacin̤ del laudo por motivos relativos al fondo: la falta de arbitrabilidad y la vulneracin̤ del orden pb︢lico. Este l︢timo aspecto es objeto de una especial atencin̤, tanto desde el punto de vista jurisprudencial como desde la perspectiva de ofrecer pautas para clarificar tan compleja nocin̤. Tambiň es objeto de atencin̤ la distincin̤ entre la falta de arbitrabilidad y el carc̀ter indisponible o imperativo de las normas aplicables al fondo, aspecto en el que la jurisprudencia incurre a veces en contradicciones. En la obra tambiň se analiza hasta qu ̌punto cabe un control judicial en lo relativo a la motivacin̤ del laudo, a la falta de aplicacin̤ de las presunciones legales, a la infraccin̤ de normas relativas a la valoracin̤ legal de los documentos pb︢licos y a la violacin̤ de derechos fundamentales en la obtencin̤ y prc̀tica de la prueba. Finalmente se analiza la aplicabilidad en el arbitraje de las normas legales relativas a la distribucin̤ de la carga de la prueba y los třminos de la congruencia arbitral en cuanto a la fundamentacin̤ jurd̕ica del laudo. 
506 1 |a Disponible solo en los productos indicados  |d vLex Global  |d vLex Global (Academic Edition, excluding Law Schools)  |d vLex Global (U.S. Academic Edition, Law Schools)  |d vLex Global (U.S. Academic Edition, excluding Law Schools)  |d vLex Global (Academic Edition, Law Schools) 
650 0 4 |a Derecho Procesal  |z Espaą 
650 0 4 |a Arbitraje  |z Espaą 
740 0 |a vLex Libros (Servicio en ln̕ea) 
856 4 0 |u https://app.vlex.com/#/sources/33621  |z Acceso restringido 
942 |c BOOK 
999 0 |a Procedural Law 
999 0 |a Arbitration